Statistics for Rolling Stone's Top 20 Greatest Albums of All TIme

Click here to take the quiz!

General Stats

  • This quiz has been taken 42 times
  • The average score is 6 of 20

Answer Stats

Hint Answer % Correct
14abbey road - The Beatles
57%
1Sgt. Pepper's Lonely Hearts Club Band - The Beatles
54%
7exile on main st - The Rolling Stones
54%
3revolver - The Beatles
54%
9blonde on blonde - Bob Dyland
46%
2pet sounds - The Beach Boys
43%
20thriller - Michael Jackson
38%
10the white album - The Beatles
35%
5rubber soul - The Beatles
35%
4highway 61 revisited - Bob Dyland
35%
18born to run - Bruce Springsteen
30%
6what's going on - Marvin Gaye
27%
8london calling - The Clash
24%
16blood on the tracks - Bob Dyland
22%
15are you experienced? - The Jimmy Hendrix Experience
16%
13the velvet underground & nico - the Velvet Undergournd
11%
19astral weeks - Van Morrison
11%
17nevermind - Nirvana
5%
11the sun sessions - Elvis Presley
5%
12kind of blue - Miles Davis
3%

Score Distribution

Percentile by Number Answered

Percent of People with Each Score

Your Score History

You have not taken this quiz